English Words to Know: A - Statistics

General Stats
  • This quiz has been taken 93 times
  • The average score is 55 of 214
Answer Stats
Answer % Correct
a
100%
as
97%
all
92%
and
92%
at
92%
ad
89%
add
83%
act
75%
after
75%
any
67%
arm
67%
about
64%
age
64%
able
61%
aim
61%
air
61%
art
61%
ask
61%
apple
56%
apply
56%
above
53%
addition
53%
ah
53%
always
53%
action
50%
agree
50%
aid
50%
also
50%
ally
47%
answer
47%
army
47%
allow
44%
application
44%
actor
42%
ago
42%
alter
42%
actual
39%
anger
39%
angle
39%
anyone
39%
around
39%
attack
39%
accept
36%
account
36%
actress
36%
actually
36%
again
36%
agreement
36%
angry
36%
appear
36%
artist
36%
assist
36%
attend
36%
adopt
33%
affect
33%
ahead
33%
aircraft
33%
another
33%
apart
33%
argue
33%
away
33%
ability
31%
acid
31%
afford
31%
almost
31%
anything
31%
anywhere
31%
area
31%
assistance
31%
auto
31%
according
28%
adapt
28%
address
28%
admire
28%
alone
28%
apartment
28%
assistant
28%
aware
28%
absolute
25%
access
25%
active
25%
activity
25%
against
25%
aide
25%
amazing
25%
animal
25%
appeal
25%
argument
25%
attention
25%
attract
25%
average
25%
awful
25%
accident
22%
accurate
22%
adjust
22%
advice
22%
airport
22%
along
22%
among
22%
anybody
22%
apparent
22%
appoint
22%
appreciate
22%
arise
22%
arrest
22%
arrive
22%
assume
22%
avoid
22%
abroad
19%
absolutely
19%
abuse
19%
accuse
19%
admit
19%
adult
19%
afraid
19%
afternoon
19%
agent
19%
amount
19%
apparently
19%
abortion
17%
additional
17%
advantage
17%
alive
17%
annual
17%
appointment
17%
approve
17%
armed
17%
artistic
17%
aside
17%
assess
17%
assign
17%
assumption
17%
attach
17%
attempt
17%
attorney
17%
author
17%
abandon
14%
achieve
14%
administration
14%
advise
14%
aggressive
14%
alliance
14%
already
14%
although
14%
anxiety
14%
anyway
14%
appearance
14%
arrange
14%
arrival
14%
assessment
14%
assure
14%
athlete
14%
athletic
14%
attractive
14%
award
14%
acquire
11%
across
11%
adjustment
11%
affair
11%
alcohol
11%
alternative
11%
anniversary
11%
announce
11%
approach
11%
approval
11%
article
11%
assault
11%
asset
11%
assignment
11%
atmosphere
11%
attitude
11%
academic
8%
achievement
8%
adequate
8%
advance
8%
adventure
8%
advertising
8%
advocate
8%
agenda
8%
agricultural
8%
airline
8%
ancient
8%
arrangement
8%
aspect
8%
assert
8%
associate
8%
association
8%
attribute
8%
audience
8%
authority
8%
available
8%
awareness
8%
absence
6%
accompany
6%
accomplish
6%
acknowledge
6%
activist
6%
advanced
6%
agency
6%
album
6%
analysis
6%
analyze
6%
appropriate
6%
architect
6%
absorb
3%
adviser
3%
analyst
3%
anticipate
3%
anymore
3%
asleep
3%
administrator
0%
admission
0%
adolescent
0%
approximately
0%
No matching quizzes found
Score Distribution
Percent of People with Each Score
Percentile by Number Answered
Your Score History
You have not taken this quiz